000 00324nam a22001457a 4500
008 221115b ||||| |||| 00| 0 eng d
020 _a0716718499
041 _aeng
080 _a159.9
082 _a159.9 FOX
100 _a25
101 _aPSI
245 _aENERGY AND THE EVOLUTION OF LIVE
_cFOX F R
942 _2udc
_cBK
999 _c58907
_d58907